Prevention of Sexual Harassment at the workplace/ (Record no. 172345)

MARC details
000 -LEADER
fixed length control field 00526nam a22001697a 4500
005 - DATE AND TIME OF LATEST TRANSACTION
control field 20200204155100.0
010 ## - LCCN (DPL NO)
LC control number ENG-127619
020 ## - INTERNATIONAL STANDARD BOOK NUMBER
International Standard Book Number 9789388322607
Terms of availability 350.00
035 ## - SYSTEM CONTROL NUMBER
System control number EN-111151
037 ## - SOURCE OF ACQUISITION
Source of stock number/acquisition DBAD/PUB
082 ## - DEWEY DECIMAL CLASSIFICATION NUMBER
Classification number 331.4133
245 ## - TITLE STATEMENT
Title Prevention of Sexual Harassment at the workplace/
260 ## - PUBLICATION, DISTRIBUTION, ETC. (IMPRINT)
Place of publication, distribution, etc Gurugram
Name of publisher, distributor, etc Hachette India
Date of publication, distribution, etc 2019
270 ## - ADDRESS
City Gurugram
Address 4th & 5th floor , corporate centre, plot no-94,sector-44
Postal code 122003
300 ## - PHYSICAL DESCRIPTION
Extent xv;206p.
Other physical details 20cm(hb)
942 ## - ADDED ENTRY ELEMENTS (KOHA)
Source of classification or shelving scheme Dewey Decimal Classification
Item type English Books
Classification part 331.4133
Call number suffix PRE
Holdings
Withdrawn status Lost status Not for loan Collection code Home library Current library Date acquired Source of acquisition Cost, normal purchase price Full call number Barcode Copy number Cost, replacement price Koha item type
      Non-fiction Sarojini Nagar Sarojini Nagar 03/02/2020 DBAD/PUB 350.00 331.4133 PRE EN-111151 1 350.00 English Books

© Delhi Public Library
Hit Counter
free hit counter